| 000 | 00701cam a2200229 a 4500 | ||
|---|---|---|---|
| 001 | 000004686 | ||
| 005 | 20200929151459.0 | ||
| 008 | 930628s1992 ck 001 f spa | ||
| 020 | _a9586121054 | ||
| 040 |
_aDO-SdBNP _cDLC |
||
| 082 |
_aCo863.6 _bC462o |
||
| 100 | 1 |
_aChaparro Madiedo, Rafael, _d1963-1995. _913648 |
|
| 245 | 1 | 0 |
_aOpio en las nubes / _cRafael Chaparro Madiedo. |
| 260 |
_aBogotá : _bColcultura, _c1992. |
||
| 300 |
_a196 p. ; _c21 cm. |
||
| 490 | 1 | _aPremios nacionales '92. | |
| 490 | 1 | _aLiteratura | |
| 650 | 4 |
_aNovela colombiana _91243 |
|
| 650 | 4 |
_aLiteratura colombiana _91244 |
|
| 830 | 0 |
_aPremios nacionales '92. _pLiteratura _98678 |
|
| 910 | _aCatalogación por copia / LC | ||
| 999 |
_c4492 _d4492 |
||